An Investigation into Teachers and Students Reality of Implementing group work Activities in English Speaking Lessons at Huong Vinh School in Hue

Kaydedildi:
Detaylı Bibliyografya
Yazar: Trần Thi Kim H
Materyal Türü: Bilinmiyor
Baskı/Yayın Bilgisi: 2011
Etiketler: Etiketle
Etiket eklenmemiş, İlk siz ekleyin!
Thư viện lưu trữ: Mạng thư viện Đại học Đà Nẵng
LEADER 00823na a2200217 4500
001 000032575
003 8682
005 20151002110542.0
008 151002s2011 000
082 |a 420.4 
100 |a Trần Thi Kim Hà 
245 |a An Investigation into Teachers and Students Reality of Implementing group work Activities in English Speaking Lessons at Huong Vinh School in Hue  |c Trần Thi Kim Hà 
260 |c 2011 
OWN |a LNN 
AVA |a UDN50  |b LNN  |d 420.4  |e available  |t Error 5001 Not defined in file expand_doc_bib_avail.  |f 1  |g 0  |h N  |i 0  |k 1 
999 |a From the UDN01 
AVA |a UDN50  |b LNN  |d 420.4  |e available  |t Error 5001 Not defined in file expand_doc_bib_avail.  |f 1  |g 0  |h N  |i 0  |k 1 
TYP |a Printed language 
980 |a Mạng thư viện Đại học Đà Nẵng